000 00331 a2200133 4500
001 156084
040 _cEscola São Tomás de Aquino
100 _aBONFIM, João Bosco Bezerra
240 1 0 _aA botija encantada
_lpor
245 1 0 _aA botija encantada
362 0 _a2016
697 _aFolclore / Adivinhações / Lendas
942 _cBK
999 _c156084
_d156084